[Event "Regionalliga SO 0506"]
[Site "Bayern"]
[Date "2006.01.15"]
[Round "5.2"]
[White "Taeger, Winfried"]
[Black "Loder, Wilhelm"]
[Result "0-1"]
[WhiteElo "2257"]
[BlackElo "2091"]
[PlyCount "102"]
[EventDate "2005.10.23"]
[EventType "team-tourn"]
[EventRounds "9"]
[EventCountry "GER"]
[SourceTitle "EXT 2007"]
[Source "ChessBase"]
[SourceDate "2006.11.23"]
[SourceVersion "1"]
[SourceVersionDate "2006.11.23"]
[SourceQuality "1"]
[WhiteTeam "Tegernsee TV II"]
[BlackTeam "Ilmmuenster"]
[WhiteTeamCountry "GER"]
[BlackTeamCountry "GER"]

1. d4 Nf6 2. c4 g6 3. Nc3 Bg7 4. e4 d6 5. Bg5 h6 6. Bh4 0-0 7. f4 c6 8. Nf3 Nbd7 9. Bd3 Qb6 10. Qd2 e5 11. c5 dxc5 12. dxe5 Nh5 13. Bf2 Rd8 14. g4 Nxf4 15. Qxf4 Qxb2 16. Qc1 Nxe5 17. Nxe5 Qxc1+ 18. Rxc1 Bxe5 19. Be2 b6 20. Be3 Kg7 21. Nd1 Be6 22. Rc2 Rd7 23. Nf2 Bd4 24. Bxd4+ Rxd4 25. 0-0 Rad8 26. Rd1 Rxd1+ 27. Bxd1 Rd4 28. Kg2 c4 29. Kf3 Kf6 30. Ke3 c5 31. h4 b5 32. Be2 a5 33. Rc1 b4 34. Rg1 Ke5 35. Rc1 Kf6 36. a3 Ke7 37. axb4 axb4 38. Ra1 Kd6 39. Ra6+ Kc7 40. Nd1 c3 41. Ra1 Rd2 42. Nf2 b3 43. Ra7+ Kb8 44. Ra5 b2 45. Rb5+ Kc7 46. Nd3 c4 47. Nxb2 Rxb2 48. Bxc4 Rxb5 49. Bxb5 Kb6 50. Be8 Kc5 51. h5 g5 0-1

[Event "Regionalliga SO 0506"]
[Site "Bayern"]
[Date "2005.10.23"]
[Round "1.2"]
[White "Hofmann, Juergen2"]
[Black "Loder, Wilhelm"]
[Result "1-0"]
[WhiteElo "2167"]
[BlackElo "2091"]
[PlyCount "55"]
[EventDate "2005.10.23"]
[EventType "team-tourn"]
[EventRounds "9"]
[EventCountry "GER"]
[SourceTitle "EXT 2007"]
[Source "ChessBase"]
[SourceDate "2006.11.23"]
[SourceVersion "1"]
[SourceVersionDate "2006.11.23"]
[SourceQuality "1"]
[WhiteTeam "Graefelfing SK"]
[BlackTeam "Ilmmuenster"]
[WhiteTeamCountry "GER"]
[BlackTeamCountry "GER"]

1. e4 c5 2. Nf3 e6 3. d4 cxd4 4. Nxd4 a6 5. Nc3 Qc7 6. f4 Nc6 7. Be3 b5 8. Qf3 b4 9. Nd1 Bb7 10. Bd3 Nf6 11. Nf2 Be7 12. 0-0-0 d6 13. Kb1 0-0 14. Ne2 e5 15. f5 Na5 16. g4 d5 17. Ng3 dxe4 18. Nfxe4 Nd5 19. g5 Rfb8 20. f6 Nc3+ 21. Ka1 Nxd1 22. Rxd1 Bf8 23. fxg7 Bxg7 24. Nf6+ Bxf6 25. Qxf6 Qc6 26. Bxh7+ Kf8 27. Qh8+ Ke7 28. Nf5+ 1-0

[Event "Regionalliga SO 0405"]
[Site "Bayern"]
[Date "2005.03.13"]
[Round "8.2"]
[White "Loder, Wilhelm"]
[Black "Prediger, Rupert"]
[Result "0-1"]
[WhiteElo "2086"]
[BlackElo "2175"]
[PlyCount "56"]
[EventDate "2004.10.24"]
[EventType "team-tourn"]
[EventRounds "9"]
[EventCountry "GER"]
[SourceTitle "EXT 2007"]
[Source "ChessBase"]
[SourceDate "2006.11.23"]
[SourceVersion "1"]
[SourceVersionDate "2006.11.23"]
[SourceQuality "1"]
[WhiteTeam "Ilmmuenster"]
[BlackTeam "Dorfen PSV"]
[WhiteTeamCountry "GER"]
[BlackTeamCountry "GER"]

1. e4 Nf6 2. e5 Nd5 3. d4 d6 4. Nf3 Bg4 5. Be2 Nc6 6. c4 Nb6 7. exd6 exd6 8. 0-0 Be7 9. b3 0-0 10. Nc3 Bf6 11. Be3 d5 12. c5 Nc8 13. h3 Be6 14. Qd2 N8e7 15. g4 g6 16. Kg2 b6 17. Na4 Qd7 18. b4 Bxg4 19. hxg4 Qxg4+ 20. Kh1 Nf5 21. Nh2 Qh4 22. Rg1 Bxd4 23. Bxd4 Ncxd4 24. Bd1 h5 25. Rc1 Rfe8 26. Rg2 Re7 27. Kg1 Rae8 28. Bf3 Qxh2+ 0-1

[Event "Regionalliga SO 0405"]
[Site "Bayern"]
[Date "2004.11.14"]
[Round "2.2"]
[White "Pezerovic, Edin"]
[Black "Loder, Wilhelm"]
[Result "1-0"]
[WhiteElo "2410"]
[BlackElo "2086"]
[PlyCount "63"]
[EventDate "2004.10.24"]
[EventType "team-tourn"]
[EventRounds "9"]
[EventCountry "GER"]
[SourceTitle "EXT 2007"]
[Source "ChessBase"]
[SourceDate "2006.11.23"]
[SourceVersion "1"]
[SourceVersionDate "2006.11.23"]
[SourceQuality "1"]
[WhiteTeam "Tegernsee II"]
[BlackTeam "Ilmmuenster"]
[WhiteTeamCountry "GER"]
[BlackTeamCountry "GER"]

1. d4 Nf6 2. c4 g6 3. Nf3 Bg7 4. Nc3 0-0 5. e4 d6 6. Be2 e5 7. 0-0 Qe8 8. dxe5 dxe5 9. b3 Qe7 10. Nd5 Nxd5 11. cxd5 Rd8 12. Qc2 c6 13. Bg5 Bf6 14. Bxf6 Qxf6 15. Rad1 Bg4 16. h3 Bxf3 17. Bxf3 Na6 18. Rd2 Rac8 19. Qb2 Nc7 20. a4 Qf4 21. Rfd1 Rd6 22. Qc3 Rcd8 23. g3 Qf6 24. Bg2 Qe7 25. Qe3 a6 26. Qa7 cxd5 27. exd5 R8d7 28. Qxb7 Nxd5 29. Qc8+ Rd8 30. Qc5 Nf6 31. Rxd6 Ne8 32. Rxg6+ 1-0